Bladee Lyrics #2 - Statistics

General Stats
  • This quiz has been taken 94 times
  • The average score is 4 of 10
Answer Stats
Hint Answer % Correct
I'll be funny, I'll be fine, I'll be flirty, I'll be shy BBY
82%
I've been to Hell and back for 20 stacks / I keep on going 'til my vision's black Lovenote
64%
I wanted good times for a long time, but you press rewind Side by Side
55%
On the West Coast, it's just me and Ecco Cinderella
46%
Turn your mental prison into a maze Noblest Strive
44%
Suffering stops, bodies drop / Flowers sprout, bloom, die and rot Faust
42%
I never knew a thing, but I knew when I was ready to, to learn Trendy
41%
It looks good from afar, the brutality of war FALSE
32%
Going missing, MIA / You're my drug, I'm DEA College Boy
23%
Head filled with sawdust, my heart is ice-crushed / Gone on the night bus before the gold rush Golden God
18%
No matching quizzes found
Score Distribution
Percent of People with Each Score
Percentile by Number Answered
Your Score History
You have not taken this quiz